| 000 -CABECERA |
| fixed length control field |
02170nam a22002777a 4500 |
| 003 - IDENTIFICADOR DEL NÚMERO DE CONTROL |
| control field |
AR-CdUCM |
| 008 - DATOS DE LONGITUD FIJA--INFORMACIÓN GENERAL |
| fixed length control field |
190425b ||||| |||| 00| 0 spa d |
| 040 ## - FUENTE DE LA CATALOGACIÓN |
| Agencia/entidad que catalogó originalmente la obra |
MUNICIPALIDAD PROVINCIAL DEL CUSCO |
| Entidad que transcribió la catalogación |
BIBLIOTECA MUNICIPAL DEL CUSCO |
| 082 ## - NÚMERO DE LA CLASIFICACIÓN DECIMAL DEWEY |
| No. de Clasificación |
Rev.Univ/N°98/1950 |
| 110 ## - ENTRADA PRINCIPAL--NOMBRE DE ENTIDAD CORPORATIVA |
| Nombre de la institución, jurisdicción como entrada principal |
Universidad Nacional de San Antonio Abad del Cusco |
| 9 (RLIN) |
15942 |
| 245 ## - MENCIÓN DE TÍTULO |
| Título |
Revista Universitaria : |
| Resto del título |
Órgano de la Universidad del Cuzco / |
| 260 ## - PUBLICACIÓN, DISTRIBUCIÓN, ETC. |
| Lugar de publicación, distribución, etc. |
Cusco : |
| Nombre de la editorial, distribuidor, etc. |
H.G. Rozas, |
| Fecha de publicación, distribución, etc. |
1950. |
| 300 ## - DESCRIPCIÓN FÍSICA |
| Nº de Páginas Extensión |
444 páginas. : |
| Dimensiones |
20 cm. |
| 440 ## - MENCIÓN DE SERIE/PUNTO DE ACCESO ADICIONAL--TÍTULO |
| Título |
Revista Universitaria |
| Número de la parte/sección de una obra |
Año XXXVIII, 1° semestre 1950, N°98. |
| 9 (RLIN) |
45966 |
| 505 ## - NOTA DE CONTENIDO CON FORMATO |
| Nota de contenido formateada |
Contenido: El terremoto del Cuzco la visita del presidente de la República General Odría y sus ministros. -- Fundación de extensión social que compete a la Universidad en aplicaciones de la psicotecnia. Rafael Calderón Peñaylillo. -- La arquitectura peruana. Charles Wiener. -- El ejercicio de la Medicina durante los siglos XVI, XVII y XVIII. Juan B, Lastres. -- La estadística en el imperio de los incas. Jorge Guillermo Llosa. -- Lecciones de Quechua Qheswa. Andrés Alencastre G. -- Cultivo cosecha y beneficio de la caña. Alfredo Bustamante Chávez. -- El mineral de Hualgayoc a fines del siglo XVIII. Horacio Villanueva Urteaga. -- El terremoto del Cuzco. Horacio Villanueva Urteaga. -- El problema del cocaismo y la escuela rural. Benjamín Rojas Díaz. -- Elogio de San Martín. José Gabriel Cosio. -- Humanismo, Ciencia y conocimiento. Raúl Vallejos. -- Hay dos poema. Gabriela Mistral. -- Los fundamentos del profetismo histórico de Spengler. M. Astete Abril. -- El Perú de los Incas el Tahuantinsuyo. Luis Eduardo Enríquez. -- Homenaje al prócer Tupac Amaru discurso. José Gabriel Cosio. -- Las Universidades del Cusco y México fraternizan. |
| 650 ## - PUNTO DE ACCESO ADICIONAL DE MATERIA--TÉRMINO DE MATERIA |
| Descriptor |
Terremoto del Cusco |
| 9 (RLIN) |
45967 |
| 650 ## - PUNTO DE ACCESO ADICIONAL DE MATERIA--TÉRMINO DE MATERIA |
| Descriptor |
Arquitectura peruana |
| 9 (RLIN) |
18619 |
| 650 ## - PUNTO DE ACCESO ADICIONAL DE MATERIA--TÉRMINO DE MATERIA |
| Descriptor |
Historia Medicina |
| 9 (RLIN) |
45968 |
| 650 ## - PUNTO DE ACCESO ADICIONAL DE MATERIA--TÉRMINO DE MATERIA |
| Descriptor |
Coca |
| 9 (RLIN) |
21158 |
| 650 ## - PUNTO DE ACCESO ADICIONAL DE MATERIA--TÉRMINO DE MATERIA |
| Descriptor |
Estadística Inka |
| 9 (RLIN) |
45969 |
| 700 ## - PUNTO DE ACCESO ADICIONAL--NOMBRE DE PERSONA |
| Nombre Personal |
Cornejo Bouroncle, Jorge |
| 9 (RLIN) |
15278 |
| 700 ## - PUNTO DE ACCESO ADICIONAL--NOMBRE DE PERSONA |
| Nombre Personal |
Villanueva Urteaga, Horacio |
| 9 (RLIN) |
5790 |
| 710 ## - PUNTO DE ACCESO ADICIONAL--NOMBRE DE ENTIDAD CORPORATIVA |
| Nombre corporativo (En letras Mayúsculas) |
Universidad Nacional de San Antonio Abad del Cusco |
| 9 (RLIN) |
15942 |
| 942 ## - ELEMENTOS DE PUNTO DE ACCESO ADICIONAL (KOHA) |
| Fuente de clasificación |
|
| Tipo de item |
Revistas cusqueñas |
| 945 ## - PROCESAMIENTO DE INFORMACIÓN LOCAL (OCLC) |
| Catalogador |
rac |